000 00411nam a2200169Ia 4500
008 230524s9999 xx 000 0 und d
020 _a0074638793
082 _a658.4
_bSCH
100 _aRobert Schultheis
_911278
245 0 _aManagement Information Systems
250 _a4TH
260 _aNEW DELHI
_bTMH
_c1999
300 _aXXII;743
500 _aQuantity Number: 1
650 _aComp-Sc
942 _cBK
999 _c15714
_d15714